Capitalismo. Una historia sobre innovación, inversión y el ser humano.
Na minha lista:
| Autor principal: | |
|---|---|
| Formato: | Desconhecido |
| Publicado em: |
Santiago, Chile:
Taurus,
2022.
|
| Edição: | Primera edición. |
| Assuntos: | |
| Tags: |
Adicionar Tag
Sem tags, seja o primeiro a adicionar uma tag!
|
MARC
| LEADER | 00000 a2200000 4500 | ||
|---|---|---|---|
| 003 | CL-VaPUC | ||
| 005 | 20230627161059.0 | ||
| 008 | 230614t2022 ||||| |||| 00| 0 eng d | ||
| 999 | |c 441161 |d 441159 | ||
| 020 | |a 978-956-9635-69-4 | ||
| 040 | |c Pontificia Universidad Católica de Valparaíso | ||
| 082 | |2 22 |a 330.122 WOL 2022 | ||
| 100 | |a Wolfersdorff, Jeannette von |9 883070 |e autora | ||
| 245 | |a Capitalismo. |b Una historia sobre innovación, inversión y el ser humano. | ||
| 250 | |a Primera edición. | ||
| 260 | |a Santiago, Chile: |b Taurus, |c 2022. | ||
| 300 | |a 371 páginas. | ||
| 583 | |k GC |c 20230614 | ||
| 650 | 0 | |9 255255 |a Capitalismo |v Análisis crítico |x Modelo económico y social |x Aspectos empresariales y tecnológicos | |
| 942 | |2 ddc |c BK | ||
| 952 | |0 0 |1 0 |2 ddc |4 0 |6 330_122000000000000_WOL_2022 |7 0 |8 A |9 590514 |a BIBGIM |b BIBGIM |c GEN |d 2023-06-14 |e 11 |g 15000.00 |i 5657788 |l 1 |o 330.122 WOL 2022 |p 5657788 |r 2025-01-15 |s 2023-06-27 |t 1 |v 15000.00 |w 2023-06-14 |y BK |k COM | ||
| 952 | |0 0 |1 0 |2 ddc |4 0 |6 330_122000000000000_WOL_2022 |7 0 |8 A |9 590601 |a BIBGIM |b BIBGIM |c GEN |d 2023-06-27 |e 11 |g 15000.00 |i 5657818 |o 330.122 WOL 2022 |p 5657818 |r 2025-01-15 |t 2 |v 15000.00 |w 2023-06-27 |y BK |k COM | ||